LEADER 00887nam0-22002771i-450 001 990004936350403321 005 20221206145832.0 035 $a000493635 035 $aFED01000493635 035 $a(Aleph)000493635FED01 035 $a000493635 100 $a19990530g19659999km-y0itay50------ba 101 0 $aeng 102 $aUS 105 $af-------00--- 200 1 $aChristian rite and christian drama in the middle ages$eEssays in the origin and early history of modern drama$fby O.B. Hardison jr 210 $aBaltimore$cThe J. Hopkins Press$dc1965. 215 $a328 p., [1] tav.$d24 cm 700 1$aHardison,$bOsborne Bennett$0201898 801 0$aIT$bUNINA$gRICA$2UNIMARC 901 $aBK 912 $a990004936350403321 952 $aFA 702$bFil. Mod. 11856$fFLFBC 959 $aFLFBC 996 $aChristian rite and christian drama in the middle ages$9301473 997 $aUNINA LEADER 00861nam0-22003011i-450 001 990001726440403321 005 20250923111204.0 035 $a000172644 035 $aFED01000172644 035 $a(Aleph)000172644FED01 100 $a20030910d1913----km-y0itay50------ba 101 0 $aita 102 $aIT 105 $a--------101yy 200 1 $aAtti del congresso forestale italiano$eTorino, 1911 210 $aTorino$cTip. Ditta G. Derossi$d1913 215 $a298 p.$d25 cm 610 0 $aForeste 676 $a634.9 710 12$aCongresso forestale italiano$f<1911 ;$eTorino>$0355366 801 0$aIT$bUNINA$gRICA$2UNIMARC 901 $aBK 912 $a990001726440403321 952 $a60 634.9 B 1$b19618$fFAGBC 952 $aA MUSA 1020$b03/4266/25$fFAGBC 959 $aFAGBC 996 $aAtti del congresso forestale italiano$9359869 997 $aUNINA